Zelené verejné obstarávanie: stav poznania
Zelené verejné obstarávanie (GPP) sa stalo strategickým nástrojom trvalo udržateľného rozvoja. Hnacie sily a prekážky efektívnej implementácie GPP však zostávajú nejasné. Rastúci objem výskumu GPP si navyše vyžaduje prepojenie s konceptmi udržateľnosti, ako je trvalo udržateľný rozvoj, aby sa usmern...
Guardado en:
| Autor principal: | |
|---|---|
| Formato: | Capítulo de libro |
| Lenguaje: | eslovaco |
| Materias: | |
| Etiquetas: |
Sin Etiquetas, Sea el primero en etiquetar este registro!
|
MARC
| LEADER | 00000naa a2200000 4500 | ||
|---|---|---|---|
| 001 | 0314851 | ||
| 005 | 20260210133909.1 | ||
| 041 | 0 | |a slo | |
| 044 | |a SK | ||
| 245 | 1 | 0 | |a Zelené verejné obstarávanie: stav poznania |
| 520 | |a Zelené verejné obstarávanie (GPP) sa stalo strategickým nástrojom trvalo udržateľného rozvoja. Hnacie sily a prekážky efektívnej implementácie GPP však zostávajú nejasné. Rastúci objem výskumu GPP si navyše vyžaduje prepojenie s konceptmi udržateľnosti, ako je trvalo udržateľný rozvoj, aby sa usmernil budúci výskum. Systematický prehľad literatúry a bibliometrická analýza výskumu GPP v rokoch 2003 až 2023 s cieľom identifikovať kľúčové témy, trendy a výskumné medzery. Cieľom týchto poznatkov je informovať tvorcov politík, odborníkov z praxe a výskumníkov, ktorí sa snažia efektívnejšie implementovať GPP ako nástroj trvalo udržateľného rozvoja. | ||
| 610 | 2 | 0 | |a obstarávanie verejné zelené |
| 610 | 2 | 0 | |a rozvoj trvalo udržateľný |
| 610 | 2 | 0 | |a implementácia |
| 610 | 2 | 0 | |a analýza bibliometrická |
| 610 | 2 | 0 | |a vývoj |
| 100 | 1 | |a Hegedüsová, Natália | |